LEADER 01278nam a2200289 u 4500 001 000000116312 003 CaOOAMICUS 005 20150622160314.0 008 090619s2009 it u000 u ita r 020 $z978-88-10-14048-2* 040 $aPUL$bita$dLDB 245 00$aChiesa e cultura nell'Italia dell'Ottocento /$ca cura di Edoardo Barbieri. 260 $aBologna :$bEDB,$cc2009. 300 $a142 p.$c21 cm 490 1 $aOggi e domani.$aSerie II ;$v62 504 $aContiene bibliografia. 650 4$aChiesa cattolica e cultura$zItalia$ySec. XIX.$0(OLS)http://pul/subject/35517 700 1 $aBarbieri, Edoardo.$0(OLS)http://pul/name/48681 830 0$aOggi e domani.$nSerie II ;$v62.$0(OLS)http://pul/title/47649 850 $aPUL 852 $aPUL$W1$xSL Religione 3$y85$m261 BARED 1$j133304$qDDC 21$B132332$CPULBib$Z2$F132332 $H110765 $82 852 $aPUL$W1$xDP1 Fondo S. Lanza$y121$m3 B 99.62$j166330$qFondi$B166919$CPULBib$Z2$F166919 $HLAN1880 $82 941 1 $a1 941 1 $a9 996 $6020$z978-88-10-14048-2*$9(OLS)http://pul/number/141213 996 $6245$aChiesa e cultura nell'Italia dell'Ottocento$9(OLS)http://pul/title/146163 996 $6260$aBologna :$bEDB$9(OLS)http://pul/publisher/56073 LEADER 01968nam a2200373 u 4500 001 000000031977 003 CaOOAMICUS 005 20070226112212.0 008 971010m19851986it u000 u ita u 020 $a883940175X (pt.1) 020 $a8839401768 (pt.2) 035 $a10772342 040 $aPUL$bita 041 1 $aita$agrc$hger 100 1 $aSchneider, Gerhard,$d1924-$0(OLS)http://pul/name/6377 240 10$aApostelgeschichte.$lItaliano.$0(OLS)http://pul/title/43527 245 14$aGli Atti degli Apostoli :$btesto greco e traduzione /$cdi Gerhard Schneider ; traduzione italiana di Vincenzo Gatti ; edizione italiana a cura di Omero Soffritti. 260 $aBrescia :$bPaideia,$c1985-1986. 300 $a2 v. ;$c23 cm 490 1 $aCommentario teologico del Nuovo Testamento ;$vV, 1-2 505 0 $apt.1 Introduzione e commento ai capp. 1,1-8, 40 -- pt.2 Commento ai capp. 9,1-28, 31. 630 04$aBiblia.$pN.T.$pActus apostolorum$xCommenti.$0(OLS)http://pul/subject/10480 700 1 $aSoffritti, Omero.$0(OLS)http://pul/name/6838 700 1 $aGatti, Vincenzo,$csacerdote,$d1935-2015.$0(OLS)http://pul/name/25261 830 0$aCommentario teologico del Nuovo Testamento ;$vV, 1-2.$0(OLS)http://pul/title/43668 850 $aPUL 852 $aPUL$W1$xSL Religione 1$y3$m1(7) P 1.5.1$j44163$nBK-PRI$bv. 1$qStampati$B44163$CPULBib$Z2$F44163 $H53005 $82 852 $aPUL$W1$xSL Religione 1$y3$m1(7) P 1.5.2$j163199$bv.2$qStampati$B163076$CPULBib$Z2$F163076 $82 852 $aPUL$W1$xDP2 Religione 1$y63$m1(7) P 5.2bis$j163200$av.2, 2.a copia$qStampati$B163078$CPULBib$Z2$F163078 $82 941 1 $a8 996 $6020$a883940175X (pt.1)$9(OLS)http://pul/number/40170 996 $6020$a8839401768 (pt.2)$9(OLS)http://pul/number/40171 996 $6245$aGli Atti degli Apostoli :$btesto greco e traduzione$9(OLS)http://pul/title/44031 996 $6260$aBrescia :$bPaideia$9(OLS)http://pul/publisher/47884